[Event "Komi-ch"]
[Site "Vorkuta"]
[Date "2013.02.21"]
[Round "6"]
[White "Fedotov, Aleksandr"]
[Black "Kamasheva, Elvira"]
[Result "1/2-1/2"]
[WhiteElo "1774"]
[BlackElo "1990"]
[PlyCount "127"]
[EventDate "2013.02.16"]
[EventType "swiss"]
[EventRounds "9"]
[EventCountry "RUS"]
[SourceTitle "CBM 153 Extra"]
[Source "ChessBase"]
[SourceDate "2013.04.22"]
[SourceVersion "1"]
[SourceVersionDate "2013.04.22"]
[SourceQuality "1"]

1. e4 c5 2. b4 cxb4 3. a3 e6 4. axb4 Bxb4 5. c3 Be7 6. d4 d5 7. exd5 Qxd5 8. Nf3 Nf6 9. Na3 Bd7 10. Bd3 0-0 11. 0-0 Bc6 12. Nc4 Qd8 13. Nce5 Be4 14. Bb5 Nbd7 15. Re1 Nxe5 16. Nxe5 Bxg2 17. Bd3 Bc6 18. Nxc6 bxc6 19. Ra6 c5 20. Be3 Qc7 21. Qf3 Qd7 22. Rea1 Rfd8 23. Bf1 Nd5 24. Bd2 cxd4 25. cxd4 Bf6 26. R1a4 Qb7 27. Bd3 Qb2 28. Be3 Nxe3 29. fxe3 Qd2 30. Qe2 Qc1+ 31. Kg2 Rab8 32. Ra2 Bg5 33. Kf3 h5 34. Ra1 Qc3 35. R1a3 Qb2 36. Ra2 Qb4 37. Rxa7 Qd6 38. R7a6 Qe7 39. Kg2 g6 40. Qf3 Rb3 41. Ra7 Qf6 42. Qxf6 Bxf6 43. R7a3 Rdb8 44. Kf3 Rxa3 45. Rxa3 Rb2 46. Be2 Kg7 47. h3 Rd2 48. Rd3 Rb2 49. Ra3 Be7 50. Rd3 Bd6 51. Rc3 Rb1 52. Rd3 Bb4 53. Kg2 Kf6 54. Rd1 Rb2 55. Kf3 Bd2 56. Bd3 e5 57. dxe5+ Kxe5 58. Rg1 Ba5 59. Rg5+ f5 60. Rxg6 Rb3 61. Ke2 Rb2+ 62. Kf3 Rb3 63. Ke2 Rb2+ 64. Kf3 1/2-1/2

[Event "Syktyvkar-ch"]
[Site "Syktyvkar"]
[Date "2012.10.21"]
[Round "3"]
[White "Kamasheva, Elvira"]
[Black "Beznosikov, Vladimir"]
[Result "0-1"]
[WhiteElo "2008"]
[BlackElo "2301"]
[PlyCount "66"]
[EventDate "2012.10.17"]
[EventType "tourn"]
[EventRounds "9"]
[EventCountry "RUS"]
[SourceTitle "EXT 2014"]
[Source "ChessBase"]
[SourceDate "2013.11.20"]
[SourceVersion "1"]
[SourceVersionDate "2013.11.20"]
[SourceQuality "1"]

1. e4 c5 2. d4 cxd4 3. c3 dxc3 4. Nxc3 Nc6 5. Nf3 d6 6. Bc4 e6 7. 0-0 Be7 8. Qe2 a6 9. a4 Nf6 10. Rd1 Qc7 11. Be3 0-0 12. Rac1 Bd7 13. h3 Rac8 14. Ba2 Qa5 15. Nd2 b5 16. axb5 axb5 17. Qxb5 Qxb5 18. Nxb5 Nb4 19. Bc4 d5 20. e5 dxc4 21. exf6 gxf6 22. Na7 Rb8 23. Nxc4 Ba4 24. Rd4 f5 25. Na5 e5 26. Rdc4 f6 27. b3 Bb5 28. Rc8 f4 29. Bd2 Nd5 30. Rxf8+ Bxf8 31. Rc8 Rxc8 32. Nxc8 Kf7 33. Na7 Bd3 0-1

[Event "Kostroma Volga Cup op"]
[Site "Kostroma"]
[Date "2009.07.??"]
[Round "1"]
[White "Kamasheva, Elvira"]
[Black "Gorishniy, Yuri"]
[Result "1/2-1/2"]
[WhiteElo "1998"]
[BlackElo "2080"]
[PlyCount "73"]
[EventDate "2009.07.03"]
[EventType "swiss"]
[EventRounds "9"]
[EventCountry "RUS"]
[SourceTitle "EXT 2021"]
[Source "ChessBase"]
[SourceDate "2020.10.23"]
[SourceVersion "1"]
[SourceVersionDate "2020.10.23"]
[SourceQuality "1"]

1. e4 c5 2. c3 d5 3. exd5 Qxd5 4. d4 Nf6 5. Nf3 Bg4 6. Be2 cxd4 7. cxd4 e6 8. 0-0 Nc6 9. Nc3 Qd6 10. Qa4 Be7 11. Ne5 Bxe2 12. Nxe2 0-0 13. Nxc6 Qxc6 14. Qxc6 bxc6 15. Bg5 c5 16. Rac1 Rac8 17. dxc5 Bxc5 18. Bxf6 gxf6 19. g3 Bb6 20. b4 Rxc1 21. Rxc1 Rd8 22. a4 Rd2 23. Kf1 Kg7 24. a5 Bd8 25. Rb1 Rd7 26. Nc3 f5 27. Ke2 Kf6 28. f4 Ke7 29. Nb5 h5 30. Ke3 h4 31. Nd4 hxg3 32. hxg3 Kd6 33. Rd1 Rb7 34. Nxf5+ Kc7 35. Rc1+ Kd7 36. Rd1+ Kc7 37. Rc1+ 1/2-1/2

[Event "SZFO-ch (Women)"]
[Site "St Petersburg"]
[Date "2009.03.27"]
[Round "7"]
[White "Razh, Amalia"]
[Black "Kamasheva, Elvira"]
[Result "1/2-1/2"]
[WhiteElo "1932"]
[BlackElo "2004"]
[PlyCount "80"]
[EventDate "2009.03.22"]
[EventType "tourn"]
[EventRounds "8"]
[EventCountry "RUS"]
[SourceTitle "EXT 2022"]
[Source "ChessBase"]
[SourceDate "2021.10.06"]
[SourceVersion "1"]
[SourceVersionDate "2021.10.06"]
[SourceQuality "1"]

1. e4 c5 2. c3 d6 3. d4 Nf6 4. Nd2 e5 5. Ngf3 Qc7 6. dxe5 dxe5 7. Bc4 h6 8. 0-0 Be7 9. Qb3 0-0 10. Re1 Nc6 11. Qd1 Rd8 12. Qe2 Bg4 13. Nf1 Na5 14. Bd3 c4 15. Bc2 b5 16. Be3 Nb7 17. h3 Be6 18. Ng3 a5 19. a3 Nc5 20. Red1 Rxd1+ 21. Rxd1 Nb7 22. Ra1 Rd8 23. Nf5 Bf8 24. N3h4 Nc5 25. Qf3 Kh7 26. Nxh6 gxh6 27. Qxf6 Bg7 28. Qf3 Nd3 29. Nf5 Bxf5 30. Qxf5+ Kg8 31. Rb1 Rd6 32. b3 cxb3 33. Rxb3 Ne1 34. Bb1 Rg6 35. g3 Rf6 36. Qg4 Nf3+ 37. Kg2 Qc4 38. Rb2 Ne1+ 39. Kg1 Nf3+ 40. Kg2 Ne1+ 1/2-1/2

[Event "SZFO-ch (Women)"]
[Site "St Petersburg"]
[Date "2009.03.26"]
[Round "5"]
[White "Kurochka, Irina"]
[Black "Kamasheva, Elvira"]
[Result "1-0"]
[WhiteElo "2149"]
[BlackElo "2004"]
[PlyCount "112"]
[EventDate "2009.03.22"]
[EventType "tourn"]
[EventRounds "8"]
[EventCountry "RUS"]
[SourceTitle "EXT 2022"]
[Source "ChessBase"]
[SourceDate "2021.10.06"]
[SourceVersion "1"]
[SourceVersionDate "2021.10.06"]
[SourceQuality "1"]

1. e4 c5 2. c3 d5 3. exd5 Qxd5 4. d4 Nf6 5. Nf3 e6 6. Be2 Nc6 7. 0-0 Be7 8. c4 Qd8 9. dxc5 Bxc5 10. Qxd8+ Nxd8 11. Nc3 a6 12. Bg5 Nc6 13. Rad1 Nd7 14. Ne4 f6 15. Nxc5 Nxc5 16. Be3 Nd7 17. Rd6 Ke7 18. Rfd1 Re8 19. a3 e5 20. c5 Nd8 21. Bc4 Nf8 22. Nxe5 Be6 23. Bxe6 Ndxe6 24. Nd7 Rad8 25. Nxf8 Rxf8 26. Kf1 Rxd6 27. Rxd6 Rd8 28. Rb6 Rd7 29. Ke2 Nd8 30. f4 f5 31. b4 Nc6 32. a4 g6 33. b5 axb5 34. Rxb5 Kd8 35. Rb2 Kc7 36. Rd2 Rxd2+ 37. Kxd2 Nb4 38. Kc3 Nd5+ 39. Kd4 Kc6 40. Bd2 Nc7 41. Kc4 Ne6 42. Be3 Nc7 43. g3 Ne6 44. h3 h5 45. h4 Nc7 46. Kd4 Ne6+ 47. Ke5 Nxc5 48. Bxc5 Kxc5 49. Kf6 Kb4 50. Kxg6 Kxa4 51. Kxf5 b5 52. Kg5 b4 53. f5 b3 54. f6 b2 55. f7 b1Q 56. f8Q Qd1 1-0

[Event "Peterhof op"]
[Site "Peterhof"]
[Date "2008.08.07"]
[Round "6"]
[White "Mandrikov, Sergey"]
[Black "Kamasheva, Elvira"]
[Result "1-0"]
[WhiteElo "2057"]
[BlackElo "1973"]
[PlyCount "75"]
[EventDate "2008.08.02"]
[EventType "swiss"]
[EventRounds "9"]
[EventCountry "RUS"]
[SourceTitle "CBM 125 Extra"]
[Source "ChessBase"]
[SourceDate "2008.09.01"]
[SourceVersion "1"]
[SourceVersionDate "2008.09.01"]
[SourceQuality "1"]

1. e4 c5 2. Nf3 d6 3. d4 cxd4 4. Nxd4 Nf6 5. Nc3 g6 6. Be3 Bg7 7. f3 0-0 8. Qd2 Nc6 9. g4 Nxd4 10. Bxd4 Be6 11. h4 Qa5 12. a3 Nd7 13. Be2 Bxd4 14. Qxd4 Qe5 15. Qe3 d5 16. 0-0-0 dxe4 17. f4 Qc5 18. Qg3 Nf6 19. h5 Rac8 20. f5 Bc4 21. Bxc4 Qxc4 22. hxg6 fxg6 23. fxg6 hxg6 24. Qe5 Qc5 25. Qe6+ Kg7 26. g5 Ng8 27. Qxe4 Qxg5+ 28. Kb1 Qf4 29. Qg2 Qf3 30. Qh2 Qh5 31. Qg3 Qf3 32. Qh4 Nf6 33. Qh6+ Kf7 34. Rhf1 Qh5 35. Qe3 Rfd8 36. Rde1 Qc5 37. Qe6+ Kf8 38. Rxf6+ 1-0

[Event "Peterhof op"]
[Site "Peterhof"]
[Date "2008.08.06"]
[Round "5"]
[White "Kamasheva, Elvira"]
[Black "Forova, Tatiana"]
[Result "1-0"]
[WhiteElo "1973"]
[BlackElo "1875"]
[PlyCount "37"]
[EventDate "2008.08.02"]
[EventType "swiss"]
[EventRounds "9"]
[EventCountry "RUS"]
[SourceTitle "CBM 125 Extra"]
[Source "ChessBase"]
[SourceDate "2008.09.01"]
[SourceVersion "1"]
[SourceVersionDate "2008.09.01"]
[SourceQuality "1"]

1. e4 c5 2. c3 Qc7 3. Nf3 e5 4. Bc4 h6 5. 0-0 Nf6 6. Qe2 Be7 7. d3 0-0 8. Nh4 d6 9. f4 Nc6 10. f5 Rd8 11. Nd2 a6 12. Qf2 b5 13. Bd5 Bb7 14. Qg3 Bf8 15. Ndf3 Kh7 16. Qh3 Na5 17. Ng5+ Kg8 18. Bxf7+ Kh8 19. Ng6# 1-0

[Event "Petrovskaya Ladya op 08"]
[Site "Peterhof"]
[Date "2007.08.09"]
[Round "4"]
[White "Aminov, Zaur"]
[Black "Kamasheva, Elvira"]
[Result "1-0"]
[WhiteElo "2195"]
[BlackElo "1996"]
[PlyCount "83"]
[EventDate "2007.08.06"]
[EventType "swiss"]
[EventRounds "9"]
[EventCountry "RUS"]
[SourceTitle "EXT 2008"]
[Source "ChessBase"]
[SourceDate "2007.11.25"]
[SourceVersion "1"]
[SourceVersionDate "2007.11.25"]
[SourceQuality "1"]

1. e4 c5 2. Nf3 d6 3. d4 cxd4 4. Nxd4 Nf6 5. Nc3 g6 6. Be3 Bg7 7. Qd2 0-0 8. f3 Nc6 9. 0-0-0 d5 10. exd5 Nxd5 11. Nxc6 bxc6 12. Bd4 Be6 13. Bxg7 Kxg7 14. Bc4 Qa5 15. Nxd5 Qxd2+ 16. Rxd2 cxd5 17. Bxd5 Bxd5 18. Rxd5 Rfd8 19. Rhd1 Rxd5 20. Rxd5 Kf6 21. c4 Rc8 22. b3 Rc7 23. Kc2 h5 24. Kc3 e6 25. Rd4 e5 26. Rd5 Kf5 27. b4 h4 28. g3 g5 29. c5 f6 30. b5 hxg3 31. hxg3 g4 32. fxg4+ Kxg4 33. c6 e4 34. Kd4 f5 35. Rd7 Rc8 36. Rxa7 Kxg3 37. Rf7 Rd8+ 38. Rd7 Rc8 39. c7 e3 40. Kxe3 f4+ 41. Ke4 f3 42. Rf7 1-0